{"text_format":"3","workbook":"xlsx","n_sheets":2,"sheets":["拍卖-资产","拍卖-材料"],"not_rendered":{"images":3,"defined_names":6},"read":"whole","date_system":"1900"}

{"sheet":"拍卖-资产","index":0,"n_rows":30,"n_cols":15,"rows_kept":30,"merged":[[0,0,0,14]]}
["零配件盘点表盘点表（淘汰可拍卖部分资产）"]
["序号","名称","型号","出厂编号","编号","单位","归属设备名称","地面储存数量\n能够继续使用部分","地面储存数量\n不能够继续使用部分","库存量\n未出库部分","备注","原值单价","原值金额","资产卡片号","净值"]
[1,"刮板运输机电机","700KW",null,null,"个","原综采刮板机使用",1,null,null,"材料棚，新，现综采破碎机为变频一体机，以后无用途",{"v":451327.43,"d":"451,327.43"},{"v":451327.43,"d":"451,327.43"},"02290",{"v":283508.85,"d":"283,508.85"}]
[2,"油浸式变压器","S9-m-800/10",null,null,"台",null,1,null,null,"篮球场，高能耗产品，淘汰下来",{"v":66924,"d":"66,924.00"},{"v":66924,"d":"66,924.00"},"01398",{"v":2007.72,"d":"2,007.72"}]
[3,"油浸式变压器","S9-m-800/10",null,null,"台",null,1,{"$nulls":3},{"v":66925,"d":"66,925.00"},{"v":66925,"d":"66,925.00"},"01398"]
[4,"高强度钉扣机",1000,null,null,"台","掘进皮带使用",1,null,null,"三号库，新",{"v":4850,"d":"4,850.00"},{"v":4850,"d":"4,850.00"},"01796",{"v":145.5,"d":"145.50"}]
[5,"矿用隔爆兼本安型声光语言报警器","KXB127",null,null,"台",null,1,null,null,"三号库，旧",{"v":3879.31,"d":"3,879.31"},{"v":3879.31,"d":"3,879.31"},"01979",116.38]
[6,"连接电缆","1140V  800A 150mm2 孔径φ25mm 58cm长",null,null,"根",null,1,null,null,"1号库11号货架，淘汰，拍卖，本矿应使用电压等级3300V",{"v":15384.62,"d":"15,384.62"},{"v":15384.62,"d":"15,384.62"},"01798",461.54]
[7,"高开综合保护测控装置","SNP-2611",null,null,"个",null,1,null,null,"1号库11号货架，本矿无用途，拍卖，上海南自",{"v":12300.885,"d":"12,300.89"},{"v":12300.885,"d":"12,300.89"},"02155",{"v":369.025,"d":"369.03"}]
[8,"强力分级破碎机","EP63AM",null,null,"套","原筛分车间2楼破碎机",1,null,null,"供应科厂区，2013年12月安装",{"v":572649.57,"d":"572,649.57"},{"v":572649.57,"d":"572,649.57"},"01668",{"v":89678,"d":"89,678.00"}]
[9,"防爆电机（南北大巷胶带机非变频电机）","YB3-356L1-4，280KW",null,null,"台",null,1,null,null,"南北大巷胶带机改，变频驱动替换下来。材料棚存放。南阳防爆。本矿淘汰。拍卖",{"v":75221.24,"d":"75,221.24"},{"v":75221.24,"d":"75,221.24"},"02145",{"v":5904.86,"d":"5,904.86"}]
[10,"局部通风机","2*37KW",null,null,"台",null,1,null,null,"无铭牌，约2*37KW",{"v":35000,"d":"35,000.00"},{"v":35000,"d":"35,000.00"},"01797",{"v":7184.7,"d":"7,184.70"}]
[11,"局部通风机","FBDN07.1-2*30KW",null,null,"台",null,1,null,null,"山西中兴，2013年生产，本矿淘汰",{"v":17094.02,"d":"17,094.02"},{"v":17094.02,"d":"17,094.02"},"00099",512.82]
[12,"局部通风机","FBDN07.1-2*30KW",null,null,"台",null,1,null,null,"山西中兴，2017年生产，本矿淘汰",{"v":17094.02,"d":"17,094.02"},{"v":17094.02,"d":"17,094.02"},"00100",512.82]
[13,"局部通风机","FBDN07.1-2*30KW",null,null,"台",null,1,null,null,"夏县中兴，2017年生产，本矿淘汰",{"v":17094.02,"d":"17,094.02"},{"v":17094.02,"d":"17,094.02"},"01234",512.82]
[14,"局部通风机","FBDN07.1-2*30KW",null,null,"台",null,1,null,null,"夏县中兴，无铭牌，本矿淘汰",{"v":15100.67,"d":"15,100.67"},{"v":15100.67,"d":"15,100.67"},"01577",{"v":1392.73,"d":"1,392.73"}]
[15,"局部通风机","2*30KW","180405",null,"台",null,1,null,null,"运城市安成生产，2015年生产，炸药库存放，本矿淘汰。",{"v":15100.67,"d":"15,100.67"},{"v":15100.67,"d":"15,100.67"},"01578",{"v":1392.73,"d":"1,392.73"}]
[16,"局部通风机","FBDN07.1-2*30KW","171003",null,"台",null,1,null,null,"运城安瑞，2017年生产，炸药库存放，本矿淘汰。",{"v":15100.67,"d":"15,100.67"},{"v":15100.67,"d":"15,100.67"},"01579",{"v":1392.73,"d":"1,392.73"}]
[17,"局部通风机","FBDN07.1-2*30KW","2080188",null,"台",null,1,null,null,"运城安瑞，2013年生产，炸药库存放，本矿淘汰。",{"v":15100.67,"d":"15,100.67"},{"v":15100.67,"d":"15,100.67"},"01580",{"v":1392.73,"d":"1,392.73"}]
[18,"局部通风机","2*30KW",null,null,"台",null,1,null,null,"无铭牌，约2*30KW，炸药库存放，本矿淘汰。",{"v":2174,"d":"2,174.00"},{"v":2174,"d":"2,174.00"},"01707",65.22]
[19,"局部通风机","FBDN07.1-2*30KW","AC181105",null,"台",null,1,null,null,"运城市安成生产，2018年生产，炸药库存放，本矿淘汰。",{"v":2174,"d":"2,174.00"},{"v":2174,"d":"2,174.00"},"01734",65.22]
[20,"局部通风机","2*75KW",null,null,"台",null,1,null,null,"材料棚，旧，维修过",{"v":55000,"d":"55,000.00"},{"v":235000,"d":"235,000.00"},"01726",{"v":9865.78,"d":"9,865.78"}]
[21,"局部通风机","2*75KW",null,null,"台",null,1,{"$nulls":3},{"v":180000,"d":"180,000.00"},{"v":235000,"d":"235,000.00"},"01731",{"v":32287.96,"d":"32,287.96"}]
[22,"矿用隔爆型潜水电泵","BQS500-230/4-500N",null,null,"台",null,1,null,null,"使用时需大修，并且体积大需要特种车辆搬运。是否继续闲置。",{"v":512820.51,"d":"512,820.51"},{"v":512820.51,"d":"512,820.51"},"01152",{"v":15384.62,"d":"15,384.62"}]
[23,"矿用隔爆型潜水电泵","BQS500-230/4-500N",null,null,"台",null,1,{"$nulls":3},{"v":512820.51,"d":"512,820.51"},{"v":512820.51,"d":"512,820.51"},"01153",{"v":15384.62,"d":"15,384.62"}]
[24,"矿用隔爆型潜水电泵","BQS500-230/4-500N",null,null,"台",null,1,{"$nulls":3},{"v":512820.51,"d":"512,820.51"},{"v":512820.51,"d":"512,820.51"},"01154",{"v":15384.62,"d":"15,384.62"}]
[25,"矿用隔爆型潜水电泵","BQS500-230/4-500N",null,null,"台",null,1,{"$nulls":3},{"v":512820.51,"d":"512,820.51"},{"v":512820.51,"d":"512,820.51"},"01226",{"v":15384.62,"d":"15,384.62"}]
[26,"减速器",{"$nulls":3},"台","掘进刮板机配套使用",1,null,null,"力德交回，无铭牌，拍卖",{"v":66666.67,"d":"66,666.67"},{"v":66666.67,"d":"66,666.67"},"01512",{"v":2000,"d":"2,000.00"}]
[27,"电力变压器","SZII-m-12500/35",null,null,"台",null,2,null,null,"主变升级后淘汰",{"v":700000,"d":"700,000.00"},{"v":1400000,"d":"1,400,000.00"},"01397",{"v":42000,"d":"42,000.00"}]
["合计",{"$nulls":11},{"$f":"SUM(M3:M29)","v":{"v":5408443.505,"d":"5,408,443.51"}},null,{"$f":"SUM(O3:O29)","v":{"v":544308.615,"d":"544,308.62"}}]

{"sheet":"拍卖-材料","index":1,"n_rows":270,"n_cols":11,"rows_kept":270,"merged":[[0,0,0,10]]}
["零配件盘点表盘点表（淘汰可拍卖部分材料）"]
["序号","名称","型号","出厂编号","编号","单位","归属设备名称","地面储存数量\n能够继续使用部分","备注","原值单价","原值金额"]
[1,"矿用隔爆型三相异步电机","YBSS-375",null,null,"个","原综采破碎机电机",1,"材料棚，新，现综采破碎机为变频一体机，以后无用途",{"v":148672.57,"d":"148,672.57"},148672.57]
[2,"刮板","L=800mm",null,null,"根",null,4,"材料棚，原601/602刮板机使用，现无使用地点",{"v":35.398167,"d":"35.40"},{"v":141.592668,"d":"141.59"}]
[3,"轨道夹板","长*宽*厚=600*50*8",null,null,"个",null,60,"材料棚，新，旧设备列车使用，现无用途",83.76,{"v":5025.6,"d":"5,025.60"}]
[4,"轨道夹板螺栓","M16*70",null,null,"套",null,12,"材料棚，新，旧设备列车使用，现无用途",{"v":19.657886,"d":"19.66"},{"v":235.894632,"d":"235.89"}]
[5,"东西大巷胶带机低速轴蛇形簧","6190T10",null,null,"套","东西大巷胶带机",1,"材料棚，新，厚度5mm，低于现使用的10mm。",{"v":10738.7925,"d":"10,738.79"},{"v":10738.7925,"d":"10,738.79"}]
[6,"蓄能站","NXQ-35/40",null,null,"台",null,1,"材料棚，本矿不使用",{"v":32566.37,"d":"32,566.37"},{"v":32566.37,"d":"32,566.37"}]
[7,"法兰盘","DN600 厚度330mm",null,null,"片",null,2,"材料棚，新",{"v":827.585,"d":"827.59"},{"v":1655.17,"d":"1,655.17"}]
[8,"法兰盘","DN600 2.5MPa",null,null,"片",null,6,"材料棚，新",{"v":619.189166,"d":"619.19"},{"v":3715.134996,"d":"3,715.13"}]
[9,"法兰盘","DN500，2.5MPa",null,null,"个",null,4,"材料棚，新",420.69,{"v":1682.76,"d":"1,682.76"}]
[10,"快速接头","DN250",null,null,"个","适用于DN250排水软管管头连接",12,"材料棚，新",{"v":60,"d":"60.00"},{"v":720,"d":"720.00"}]
[11,"软管卡箍","DN250",null,null,"个","适用于DN250排水软管对接使用",6,"材料棚，新",{"v":60,"d":"60.00"},{"v":360,"d":"360.00"}]
[12,"排水管","DN250",null,null,"米",null,1800,"材料棚，旧，抢险时使用，软管，若果继续闲置，时间长会风化",{"v":407.079645,"d":"407.08"},{"v":732743.361,"d":"732,743.36"}]
[13,"矿用声光语音报警装置","KXB-2A",null,null,"台",null,5,"四号库，新，本矿淘汰，淮南中煤",{"v":1080,"d":"1,080.00"},{"v":5400,"d":"5,400.00"}]
[14,"矿用本安型双向急停","KHJ12",null,null,"个",null,1,"四号库，淘汰",{"v":1100,"d":"1,100.00"},{"v":1100,"d":"1,100.00"}]
[15,"钻头","各类型",null,null,"个","锚杆机、探水钻使用",63,"四号库，现本矿不使用",{"v":33.628333,"d":"33.63"},{"v":2118.584979,"d":"2,118.58"}]
[16,"涨销","95mm",null,null,"个","掘进皮带使用",1830,"四号库，现本矿不使用",0.57,{"v":1043.1,"d":"1,043.10"}]
[17,"探水钻接头","φ35",null,null,"个",null,27,"四号库，现本矿不使用",{"v":4.42475,"d":"4.42"},{"v":119.46825,"d":"119.47"}]
[18,"探水钻接头","φ54",null,null,"个",null,6,"四号库，现本矿不使用",{"v":8,"d":"8.00"},{"v":48,"d":"48.00"}]
[19,"急停闭锁开关","KHJ30/10",null,null,"个",null,5,"四号库，现本矿不使用",{"v":300,"d":"300.00"},{"v":1500,"d":"1,500.00"}]
[20,"矿用隔爆按钮","BZA-5/127-3",null,null,"台",null,14,"四号库，新，本矿淘汰",{"v":318.585,"d":"318.59"},{"v":4460.19,"d":"4,460.19"}]
[21,"矿用隔爆按钮","BZA-5/127-2",null,null,"台",null,12,"四号库，新，本矿淘汰",{"v":318.585,"d":"318.59"},{"v":3823.02,"d":"3,823.02"}]
[22,"钻杆","φ18mm（18#）",null,null,"根",null,18,"风钻钻头",{"v":159.292,"d":"159.29"},{"v":2867.256,"d":"2,867.26"}]
[23,"风钻钻头","42*22",null,null,"只",null,50,"四号库，新",{"v":33.628333,"d":"33.63"},{"v":1681.41665,"d":"1,681.42"}]
[24,"钻头",{"$nulls":3},"个",null,114,"四号库，新",{"v":33.628333,"d":"33.63"},{"v":3833.629962,"d":"3,833.63"}]
[25,"截齿",{"$nulls":3},"个","掘进机截齿",20,"四号库，8个新，12个修复好。",{"v":220,"d":"220.00"},{"v":4400,"d":"4,400.00"}]
[26,"沟槽式管件",159,null,null,"个","快速接头",4,"四号库，新，淘汰",{"v":103,"d":"103.00"},{"v":412,"d":"412.00"}]
[27,"沟槽式管件",133,null,null,"个","快速接头",2,"四号库，新，淘汰",{"v":87,"d":"87.00"},{"v":174,"d":"174.00"}]
[28,"沟槽式管件",114,null,null,"个","快速接头",3,"四号库，新，淘汰",{"v":51,"d":"51.00"},{"v":153,"d":"153.00"}]
[29,"沟槽式管件",60,null,null,"个","快速接头",3,"四号库，新，淘汰",{"v":30,"d":"30.00"},{"v":90,"d":"90.00"}]
[30,"沟槽式管件","DN250",null,null,"套","快速接头",30,"材料棚，新",{"v":150,"d":"150.00"},{"v":4500,"d":"4,500.00"}]
[31,"沟槽式管件","114-2.5",null,null,"个","快速接头",46,"四号库，新",{"v":51,"d":"51.00"},{"v":2346,"d":"2,346.00"}]
[32,"沟槽式管件","60-2.5",null,null,"个","快速接头",61,"四号库，新",{"v":30,"d":"30.00"},{"v":1830,"d":"1,830.00"}]
[33,"沟槽管件密封","DN100",null,null,"个","消防用",100,"四号库，新",{"v":5,"d":"5.00"},{"v":500,"d":"500.00"}]
[34,"工程内胎","17.5-25",null,null,"个",null,1,"四号库，新",{"v":140,"d":"140.00"},{"v":140,"d":"140.00"}]
[35,"刹车片",{"$nulls":3},"个",null,8,"四号库，新",{"v":150,"d":"150.00"},{"v":1200,"d":"1,200.00"}]
[36,"离合器从动盘总成","φ267",null,null,"个",null,4,"四号库，新",{"v":2500,"d":"2,500.00"},{"v":10000,"d":"10,000.00"}]
[37,"激光指向仪","YHJ-800",null,null,"个",null,1,"四号库，新",{"v":2362,"d":"2,362.00"},{"v":2362,"d":"2,362.00"}]
[38,"矿用隔爆型激光指向仪","YBJ-850(A)",null,null,"个",null,1,"四号库，新",{"v":2362,"d":"2,362.00"},{"v":2362,"d":"2,362.00"}]
[39,"矿用隔爆型激光指向仪","YHJ-800(A)",null,null,"个",null,3,"四号库，新",{"v":2362,"d":"2,362.00"},{"v":7086,"d":"7,086.00"}]
[40,"一轴（输入轴）",{"$nulls":3},"个","40T刮板机使用",4,"四号库，新",{"v":780,"d":"780.00"},{"v":3120,"d":"3,120.00"}]
[41,"二轴组件",{"$nulls":3},"个","40T刮板机使用",1,"四号库，新",{"v":3100,"d":"3,100.00"},{"v":3100,"d":"3,100.00"}]
[42,"六方钻杆","1.9m",null,null,"根","风动钻机钻杆",32,"四号库",{"v":110,"d":"110.00"},{"v":3520,"d":"3,520.00"}]
[43,"六方钻杆","2.1m",null,null,"根","风动钻机钻杆",19,"四号库",{"v":110,"d":"110.00"},{"v":2090,"d":"2,090.00"}]
[44,"六方钻杆","1.4m",null,null,"根","风动钻机钻杆",4,"四号库",{"v":75,"d":"75.00"},{"v":300,"d":"300.00"}]
[45,"粗麻花钻杆","2.4m",null,null,"根","风动钻机钻杆",1,"四号库",{"v":81.6,"d":"81.60"},{"v":81.6,"d":"81.60"}]
[46,"粗麻花钻杆","0.95m",null,null,"根","风动钻机钻杆",1,"四号库",{"v":32.3,"d":"32.30"},{"v":32.3,"d":"32.30"}]
[47,"粗麻花钻杆","1.75m",null,null,"根","风动钻机钻杆",7,"四号库",{"v":59.5,"d":"59.50"},{"v":416.5,"d":"416.50"}]
[48,"粗麻花钻杆","1.45m",null,null,"根","风动钻机钻杆",5,"四号库",{"v":49.3,"d":"49.30"},{"v":246.5,"d":"246.50"}]
[49,"粗麻花钻杆","1.9m",null,null,"根","风动钻机钻杆",10,"四号库",{"v":64.6,"d":"64.60"},{"v":646,"d":"646.00"}]
[50,"粗麻花钻杆","2.1m",null,null,"根","风动钻机钻杆",2,"四号库",{"v":71.4,"d":"71.40"},{"v":142.8,"d":"142.80"}]
[51,"细麻花钻杆","1.2m",null,null,"根","风动钻机钻杆",18,"四号库",{"v":36,"d":"36.00"},{"v":648,"d":"648.00"}]
[52,"细麻花钻杆","2.2m",null,null,"根","风动钻机钻杆",12,"四号库",{"v":66,"d":"66.00"},{"v":792,"d":"792.00"}]
[53,"细麻花钻杆","1.7m",null,null,"根","风动钻机钻杆",3,"四号库",{"v":51,"d":"51.00"},{"v":153,"d":"153.00"}]
[54,"刹车线",{"$nulls":3},"根",null,2,"四号库",{"v":0,"d":"0.00"},{"v":0,"d":"0.00"}]
[55,"轴承","CRX6204RZZ",null,null,"盘",null,1,"四号库，新",{"v":30,"d":"30.00"},{"v":30,"d":"30.00"}]
[56,"回油滤芯",{"$nulls":3},"个","三一重工掘进机",2,"四号库，新",{"v":720,"d":"720.00"},{"v":1440,"d":"1,440.00"}]
[57,"吸油滤芯",{"$nulls":3},"个","三一重工掘进机",2,"四号库，新",{"v":1020,"d":"1,020.00"},{"v":2040,"d":"2,040.00"}]
[58,"堵头","DN25",null,null,"个","三一重工掘进机",4,"四号库，新",{"v":3.448,"d":"3.45"},{"v":13.792,"d":"13.79"}]
[59,"三通","M36",null,null,"个","三一重工掘进机",2,"四号库，新",{"v":16.699474,"d":"16.70"},{"v":33.398948,"d":"33.40"}]
[60,"对丝","M36×2变M20×2",null,null,"个","三一重工掘进机",4,"四号库，新",{"v":36,"d":"36.00"},{"v":144,"d":"144.00"}]
[61,"对丝","M14×1.5",null,null,"个","三一重工掘进机",6,"四号库，新",{"v":45,"d":"45.00"},{"v":270,"d":"270.00"}]
[62,"对丝","M30×2",null,null,"个","三一重工掘进机",2,"四号库，新",{"v":72,"d":"72.00"},{"v":144,"d":"144.00"}]
[63,"滤芯","TL-309/180",null,null,"个","三一重工掘进机",7,"四号库，新",{"v":312,"d":"312.00"},{"v":2184,"d":"2,184.00"}]
[64,"炮头锁块",{"$nulls":3},"个","三一重工掘进机",1,"四号库，新",{"v":2040,"d":"2,040.00"},{"v":2040,"d":"2,040.00"}]
[65,"张紧垫片",{"$nulls":3},"个","三一重工掘进机",13,"四号库，新",{"v":84,"d":"84.00"},{"v":1092,"d":"1,092.00"}]
[66,"履带销",{"$nulls":3},"个","三一重工掘进机",4,"四号库，新",{"v":45,"d":"45.00"},{"v":180,"d":"180.00"}]
[67,"急停按钮",{"$nulls":3},"个","三一重工掘进机",3,"四号库，新",{"v":150,"d":"150.00"},{"v":450,"d":"450.00"}]
[68,"江铃空调滤芯",{"$nulls":3},"个","五十铃",20,"四号库，新",{"v":61,"d":"61.00"},{"v":1220,"d":"1,220.00"}]
[69,"掘进机过油滤芯",{"$nulls":3},"个",null,1,"四号库，新",{"v":864,"d":"864.00"},{"v":864,"d":"864.00"}]
[70,"轴承","FAG 30224A",null,null,"盘",null,1,"四号库，新",{"v":1440,"d":"1,440.00"},{"v":1440,"d":"1,440.00"}]
[71,"角行程电动执行机构","2B-100/K22H10",null,null,"台",null,1,"四号库，新",{"v":7692.31,"d":"7,692.31"},{"v":7692.31,"d":"7,692.31"}]
[72,"机油液位表",{"$nulls":3},"个",null,1,"四号库，新",{"v":100,"d":"100.00"},{"v":100,"d":"100.00"}]
[73,"轴承","ZWZ 1315",null,null,"盘",null,2,"四号库，新",{"v":1860,"d":"1,860.00"},{"v":3720,"d":"3,720.00"}]
[74,"轴承","2222OEJW33",null,null,"盘",null,2,"四号库，新",{"v":936,"d":"936.00"},{"v":1872,"d":"1,872.00"}]
[75,"轴承","HRB 1312",null,null,"盘",null,1,"四号库，新",{"v":76,"d":"76.00"},{"v":76,"d":"76.00"}]
[76,"轴承","SKF 1313",null,null,"盘",null,13,"四号库，新",{"v":925,"d":"925.00"},{"v":12025,"d":"12,025.00"}]
[77,"浮动油封","φ262.8",null,null,"个","三一重工掘进机",1,"四号库，新",{"v":530,"d":"530.00"},{"v":530,"d":"530.00"}]
[78,"轴承","SKF 32316  J2/2",null,null,"盘",null,1,"四号库，新",{"v":998,"d":"998.00"},{"v":998,"d":"998.00"}]
[79,"转换板",{"$nulls":3},"个","三一重工掘进机",1,"四号库，新",{"v":2000,"d":"2,000.00"},{"v":2000,"d":"2,000.00"}]
[80,"隔离保护模块","GLBH-300",null,null,"个","三一重工掘进机",1,"四号库，新",{"v":3160,"d":"3,160.00"},{"v":3160,"d":"3,160.00"}]
[81,"CAN总线隔离模块","HI-CANIR-A01",null,null,"个","三一重工掘进机",1,"四号库，新",{"v":3200,"d":"3,200.00"},{"v":3200,"d":"3,200.00"}]
[82,"隔离变压器","CSP2-1200V/5V",null,null,"个","三一重工掘进机",1,"四号库，新",{"v":2400,"d":"2,400.00"},{"v":2400,"d":"2,400.00"}]
[83,"活塞",{"$nulls":3},"个","三一重工掘进机",1,"四号库，新",{"v":3600,"d":"3,600.00"},{"v":3600,"d":"3,600.00"}]
[84,"外卡簧","φ34",null,null,"个","三一重工掘进机",14,"四号库，新",{"v":10,"d":"10.00"},{"v":140,"d":"140.00"}]
[85,"轴承",6206,null,null,"盘",null,1,"四号库，新",{"v":330,"d":"330.00"},{"v":330,"d":"330.00"}]
[86,"麻花钻杆钻头","J/A0",null,null,"个",null,13,"四号库，新",{"v":33.628333,"d":"33.63"},{"v":437.168329,"d":"437.17"}]
[87,"钻头",{"$nulls":3},"个",null,4,"四号库",{"v":33.628333,"d":"33.63"},{"v":134.513332,"d":"134.51"}]
[88,"轴承","ZWZ 1315",null,null,"盘",null,1,"四号库，新",{"v":1860,"d":"1,860.00"},{"v":1860,"d":"1,860.00"}]
[89,"轴承","SKF 22316CA/C3",null,null,"盘",null,1,"四号库，新",{"v":3690,"d":"3,690.00"},{"v":3690,"d":"3,690.00"}]
[90,"轴承","6313-RS",null,null,"盘",null,2,"四号库，新",{"v":936,"d":"936.00"},{"v":1872,"d":"1,872.00"}]
[91,"轴承",6216,null,null,"盘",null,1,"四号库，新",{"v":1440,"d":"1,440.00"},{"v":1440,"d":"1,440.00"}]
[92,"轴承","HRB 1312",null,null,"盘",null,1,"四号库，新",{"v":76,"d":"76.00"},{"v":76,"d":"76.00"}]
[93,"轴承",30207,null,null,"盘",null,4,"四号库，新",{"v":14,"d":"14.00"},{"v":56,"d":"56.00"}]
[94,"轴承","SKF 32316  ",null,null,"盘",null,1,"四号库，新",{"v":998,"d":"998.00"},{"v":998,"d":"998.00"}]
[95,"离合器压盘","841368  267mm",null,null,"个",null,2,"四号库，新",{"v":790,"d":"790.00"},{"v":1580,"d":"1,580.00"}]
[96,"离合器片"," 267mm",null,null,"个",null,4,"四号库，新",{"v":130,"d":"130.00"},{"v":520,"d":"520.00"}]
[97,"内喷雾",{"$nulls":3},"个","掘进机",7,"四号库，新",{"v":26.5487,"d":"26.55"},{"v":185.8409,"d":"185.84"}]
[98,"外喷雾",{"$nulls":3},"个","掘进机",16,"四号库，新",{"v":16.8142,"d":"16.81"},{"v":269.0272,"d":"269.03"}]
[99,"注油阀","11013533TLJJ.020",null,null,"个","三一重工掘进机",2,"四号库，新",{"v":200,"d":"200.00"},{"v":400,"d":"400.00"}]
[100,"大瓦座",{"$nulls":3},"个",null,2,"四号库，新，不知用途",{"v":2000,"d":"2,000.00"},{"v":4000,"d":"4,000.00"}]
[101,"零序电流互感器","LXK-φ120",null,null,"台",null,1,"四号库，新无用途，2011年生产",{"v":500,"d":"500.00"},{"v":500,"d":"500.00"}]
[102,"车灯",{"$nulls":3},"个",null,1,"四号库，不知用途",{"v":500,"d":"500.00"},{"v":500,"d":"500.00"}]
[103,"零序电流互感器","LH04HG",null,null,"个",null,5,"四号库，不知用途",{"v":560,"d":"560.00"},{"v":2800,"d":"2,800.00"}]
[104,"直流阀用电磁铁","MFZ1-4.5 100V 行程6mm",null,null,"个",null,2,"四号库，新，不知用途",646.55,{"v":1293.1,"d":"1,293.10"}]
[105,"锚索张拉千金顶","大 40MPa",null,null,"个",null,1,"四号库，旧",{"v":960,"d":"960.00"},{"v":960,"d":"960.00"}]
[106,"锚索张拉千金顶","小",null,null,"个",null,1,"四号库，旧",{"v":960,"d":"960.00"},{"v":960,"d":"960.00"}]
[107,"叶轮","外径175mm",null,null,"个",null,1,"4号库，新，不知用途",957.26,957.26]
[108,"减速器端盖","外径340，内径250",null,null,"个",null,1,"4号库，新，不知用途",{"v":170,"d":"170.00"},{"v":170,"d":"170.00"}]
[109,"皮带轮","外径φ160  轴径φ38",null,null,"个",null,1,"4号库，新，不知用途",77.58,77.58]
[110,"叶轮","外径φ315  轴径φ40",null,null,"个",null,2,"4号库，新，不知用途",{"v":1800,"d":"1,800.00"},{"v":3600,"d":"3,600.00"}]
[111,"输出轴端盖",{"$nulls":3},"个","减速器配套",3,"四号库，新，无用途",{"v":170,"d":"170.00"},{"v":510,"d":"510.00"}]
[112,"皮带轮","外径φ158  轴径φ38",null,null,"个",null,4,"4号库，新，不知用途",77.58,310.32]
[113,"张紧轮","外径φ250  轴径φ60",null,null,"个",null,3,"4号库，新，不知用途",420.35,{"v":1261.05,"d":"1,261.05"}]
[114,"轴承盖","止口 φ140",null,null,"个",null,2,"4号库，新，不知用途",{"v":170,"d":"170.00"},{"v":340,"d":"340.00"}]
[115,"销子","φ35×900",null,null,"个",null,4,"4号库，新，不知用途",{"v":308.041237113402,"d":"308.04"},{"v":1232.16494845361,"d":"1,232.16"}]
[116,"销子","φ50×100",null,null,"个",null,8,"4号库，新，不知用途",{"v":157.142857142857,"d":"157.14"},{"v":1257.14285714286,"d":"1,257.14"}]
[117,"衬套","φ140×180",null,null,"个",null,1,"4号库，新，不知用途",{"v":200,"d":"200.00"},{"v":200,"d":"200.00"}]
[118,"沟槽式管件","DN150 2.5MPa",null,null,"个","快速接头",32,"材料棚，新",{"v":103,"d":"103.00"},{"v":3296,"d":"3,296.00"}]
[119,"矿用隔爆兼本安不间断电源","KDW28-18",null,null,"个",null,1,"三号库，新，江苏三恒，2013年3月",{"v":4837.76,"d":"4,837.76"},{"v":4837.76,"d":"4,837.76"}]
[120,"振动棒","50型",null,null,"件","搅拌水泥",2,"三号库，1旧，1新",{"v":980,"d":"980.00"},{"v":1960,"d":"1,960.00"}]
[121,"活塞环","使用机型常柴S1105",null,null,"套",null,1,"三号库，新",{"v":46.902,"d":"46.90"},{"v":46.902,"d":"46.90"}]
[122,"后轮内油封","95*130*14mm",null,null,"个",null,2,"三号库，新",{"v":12,"d":"12.00"},{"v":24,"d":"24.00"}]
[123,"曲轴前油封","五十铃",null,null,"个",null,1,"三号库，新",{"v":14,"d":"14.00"},{"v":14,"d":"14.00"}]
[124,"浮动油封","SY-1711",null,null,"对",null,1,"三号库，新",{"v":1800,"d":"1,800.00"},{"v":1800,"d":"1,800.00"}]
[125,"骨架油封","80*110*12",null,null,"个",null,20,"三号库，新",{"v":8,"d":"8.00"},{"v":160,"d":"160.00"}]
[126,"骨架油封","130*60*15",null,null,"个",null,2,"三号库，新",{"v":40,"d":"40.00"},{"v":80,"d":"80.00"}]
[127,"钻杆","B19-1000",null,null,"根",null,50,"三号库，新",{"v":30,"d":"30.00"},{"v":1500,"d":"1,500.00"}]
[128,"B19连接套",{"$nulls":3},"支",null,200,"三号库，新",{"v":5.30975,"d":"5.31"},{"v":1061.95,"d":"1,061.95"}]
[129,"钻头","B19",null,null,"个",null,40,"三号库，新",{"v":33.628333,"d":"33.63"},{"v":1345.13332,"d":"1,345.13"}]
[130,"钻头座","B19",null,null,"个",null,40,"三号库，新",{"v":33.628333,"d":"33.63"},{"v":1345.13332,"d":"1,345.13"}]
[131,"方垫","φ16",null,null,"个",null,2500,"三号库，新",{"v":1.551727,"d":"1.55"},{"v":3879.3175,"d":"3,879.32"}]
[132,"皮带扣","8-10mm",null,null,"个",null,400,"三号库，新",{"v":0.9,"d":"0.90"},{"v":360,"d":"360.00"}]
[133,"沟槽式管件","XGOT1 133-2.5",null,null,"个","快速接头",90,"三号库，新",{"v":87,"d":"87.00"},{"v":7830,"d":"7,830.00"}]
[134,"沟槽式管件","XGOT1 108-2.5",null,null,"个","快速接头",209,"三号库，新",{"v":51,"d":"51.00"},{"v":10659,"d":"10,659.00"}]
[135,"沟槽式管件","XGOT1 114-2.5",null,null,"个","快速接头",30,"三号库，新",{"v":51,"d":"51.00"},{"v":1530,"d":"1,530.00"}]
[136,"沟槽式管件","XGOT1 76-2.5",null,null,"个","快速接头",79,"三号库，新",{"v":40,"d":"40.00"},{"v":3160,"d":"3,160.00"}]
[137,"弯头",60,null,null,"个","快速接头式（）沟槽式",31,"三号库，新",24.78,768.18]
[138,"弯头",76,null,null,"个","快速接头式（）沟槽式",2,"三号库，新",22.12,44.24]
[139,"弯头",114,null,null,"个","快速接头式（）沟槽式",46,"三号库，新",{"v":25.284285,"d":"25.28"},{"v":1163.07711,"d":"1,163.08"}]
[140,"弯头",165,null,null,"个","快速接头式（）沟槽式",1,"三号库，新",{"v":53.0975,"d":"53.10"},{"v":53.0975,"d":"53.10"}]
[141,"弯头",273,null,null,"个","快速接头式（）沟槽式",3,"三号库，新",{"v":277.876428,"d":"277.88"},{"v":833.629284,"d":"833.63"}]
[142,"标识卡","KGE3.0(A)",null,null,"个",null,59,"三号库，新",{"v":300,"d":"300.00"},{"v":17700,"d":"17,700.00"}]
[143,"矿用巡检记录仪","XJH3.7(A)",null,null,"个",null,6,"三号库，新",{"v":5000,"d":"5,000.00"},{"v":30000,"d":"30,000.00"}]
[144,"沟槽式管件",108,null,null,"个","快速接头",20,"三号库，新",{"v":51,"d":"51.00"},{"v":1020,"d":"1,020.00"}]
[145,"沟槽式管件",133,null,null,"个","快速接头",6,"三号库，新",{"v":87,"d":"87.00"},{"v":522,"d":"522.00"}]
[146,"沟槽式管件",114,null,null,"个","快速接头",2,"三号库，新",{"v":51,"d":"51.00"},{"v":102,"d":"102.00"}]
[147,"沟槽式管件",76,null,null,"个","快速接头",11,"三号库，新",{"v":40,"d":"40.00"},{"v":440,"d":"440.00"}]
[148,"沟槽式管件",60,null,null,"个","快速接头",22,"三号库，新",{"v":30,"d":"30.00"},{"v":660,"d":"660.00"}]
[149,"密封圈（沟槽式管件密封）",273,null,null,"个","快速接头密封",16,"三号库，新",{"v":15,"d":"15.00"},{"v":240,"d":"240.00"}]
[150,"密封圈（沟槽式管件密封）",159,null,null,"个","快速接头密封",68,"三号库，新",{"v":10,"d":"10.00"},{"v":680,"d":"680.00"}]
[151,"密封圈（沟槽式管件密封）",108,null,null,"个","快速接头密封",24,"三号库，新",{"v":5,"d":"5.00"},{"v":120,"d":"120.00"}]
[152,"圆弧圆柱蜗杆减速器","CWU180-50-11F","D1306",null,"台","原张紧装置减速器",1,"三号库，新",{"v":1500,"d":"1,500.00"},{"v":1500,"d":"1,500.00"}]
[153,"地锚",{"$nulls":3},"个","非迈步自移列车，拉列车打单体的基础，金属制品。",1,"三号库，新",{"v":6637.93,"d":"6,637.93"},{"v":6637.93,"d":"6,637.93"}]
[154,"起重滑轮钩",20,null,null,"个",null,1,"设备库，旧",{"v":3700,"d":"3,700.00"},{"v":3700,"d":"3,700.00"}]
[155,"后支撑油缸",{"$nulls":3},"个","三一掘进机",1,"设备库，旧",{"v":35500,"d":"35,500.00"},{"v":35500,"d":"35,500.00"}]
[156,"回转油缸",{"$nulls":3},"个","三一掘进机",1,"设备库，旧",{"v":35600,"d":"35,600.00"},{"v":35600,"d":"35,600.00"}]
[157,"升降油缸",{"$nulls":3},"个","三一掘进机",1,"设备库，旧",{"v":36000,"d":"36,000.00"},{"v":36000,"d":"36,000.00"}]
[158,"星轮马达",{"$nulls":3},"个","三一掘进机",1,"设备库",{"v":24294,"d":"24,294.00"},{"v":24294,"d":"24,294.00"}]
[159,"一运马达",{"$nulls":3},"个","三一掘进机",1,"设备库",{"v":18558.5,"d":"18,558.50"},{"v":18558.5,"d":"18,558.50"}]
[160,"一轴组件",{"$nulls":3},"个","掘进皮带减速器",1,"设备库",{"v":780,"d":"780.00"},{"v":780,"d":"780.00"}]
[161,"矿用电液监控装置控制器","ZDY127-Z",null,null,"套",null,4,"设备库新，2013年产品",{"v":18938.053333,"d":"18,938.05"},{"v":75752.213332,"d":"75,752.21"}]
[162,"液力耦合器",{"$nulls":3},"台","75KW（掘进）",2,"四号库，新",{"v":4360,"d":"4,360.00"},{"v":8720,"d":"8,720.00"}]
[163,"液力耦合器",{"$nulls":3},"台","55KW（掘进）",1,"四号库，新",{"v":2920,"d":"2,920.00"},{"v":2920,"d":"2,920.00"}]
[164,"沟槽式管件","DN159",null,null,"个","快速接头",1568,"设备库，新",{"v":103,"d":"103.00"},{"v":161504,"d":"161,504.00"}]
[165,"高压漏电保护装置","ZBL-H",null,null,"台",null,2,"设备库，无使用地点。",{"v":85470.085,"d":"85,470.09"},{"v":170940.17,"d":"170,940.17"}]
[166,"沟槽式管件","DN100",null,null,"个","快速接头",113,"设备库，新",{"v":51,"d":"51.00"},{"v":5763,"d":"5,763.00"}]
[167,"矿用隔爆兼本安直流稳压电源","KWD127/188",null,null,"台","人员定位电源",14,"1号库1号和3号货架，新，本矿已淘汰，大连高端产品",{"v":5982.91,"d":"5,982.91"},{"v":83760.74,"d":"83,760.74"}]
[168,"钻头","φ94",null,null,"个",null,1,"1号库号和3号货架，本矿无使用地点",{"v":215,"d":"215.00"},{"v":215,"d":"215.00"}]
[169,"钻头","φ108",null,null,"个",null,1,"1号库1号和3号货架，本矿无使用地点",{"v":280,"d":"280.00"},{"v":280,"d":"280.00"}]
[170,"钻头","φ75",null,null,"个",null,1,"1号库1号和3号货架，本矿无使用地点",{"v":255,"d":"255.00"},{"v":255,"d":"255.00"}]
[171,"钻头","φ113",null,null,"个",null,1,"1号库1号和3号货架，本矿无使用地点",{"v":390,"d":"390.00"},{"v":390,"d":"390.00"}]
[172,"光缆接线盒","G",null,null,"个",null,14,"1号库1号和3号货架，共18个，和使用部门沟通后，现在库存量太大，留下4个就满足以后备用。",128.21,{"v":1794.94,"d":"1,794.94"}]
[173,"光缆接线盒","D",null,null,"个",null,6,"1号库1号和3号货架，共10个，和使用部门沟通后，现在库存量太大，留下4个就满足以后备用。",128.21,769.26]
[174,"无线定位基站","KJ323-DJ",null,null,"个",null,30,"1号库3号货架，人员定位系统已更换系统，本矿淘汰。2018年1月产品",{"v":7692.307667,"d":"7,692.31"},{"v":230769.23001,"d":"230,769.23"}]
[175,"梅花垫","350×235",null,null,"个",null,3,"1号库3号货架，经和区队了解后本矿无用途。",{"v":140,"d":"140.00"},{"v":420,"d":"420.00"}]
[176,"梅花垫","350×230",null,null,"个",null,2,"1号库3号货架，经和区队了解后本矿无用途。",{"v":140,"d":"140.00"},{"v":280,"d":"280.00"}]
[177,"梅花垫","300×185",null,null,"个",null,1,"1号库3号货架，经和区队了解后本矿无用途。",{"v":85,"d":"85.00"},{"v":85,"d":"85.00"}]
[178,"梅花垫","295×180",null,null,"个",null,11,"1号库3号货架，经和区队了解后本矿无用途。",{"v":80,"d":"80.00"},{"v":880,"d":"880.00"}]
[179,"干燥剂",{"$nulls":3},"包",null,3000,"1号库3号货架",1.77,{"v":5310,"d":"5,310.00"}]
[180,"尼龙棒","φ18×1000mm",null,null,"根",null,8,"1号库3号货架，经和区队了解后本矿无用途。",{"v":10,"d":"10.00"},{"v":80,"d":"80.00"}]
[181,"尼龙棒","φ10×1000mm",null,null,"根",null,9,"1号库3号货架，经和区队了解后本矿无用途。",{"v":18,"d":"18.00"},{"v":162,"d":"162.00"}]
[182,"尼龙棒","φ20×1000mm",null,null,"根",null,19,"1号库3号货架，经和区队了解后本矿无用途。",{"v":10,"d":"10.00"},{"v":190,"d":"190.00"}]
[183,"尼龙棒","φ26×1000mm",null,null,"根",null,2,"1号库3号货架，经和区队了解后本矿无用途。",{"v":26.549,"d":"26.55"},{"v":53.098,"d":"53.10"}]
[184,"尼龙棒","φ30×1000mm",null,null,"根",null,7,"1号库3号货架，经和区队了解后本矿无用途。",{"v":38.792,"d":"38.79"},{"v":271.544,"d":"271.54"}]
[185,"尼龙棒","φ32×1000mm",null,null,"根",null,1,"1号库3号货架，经和区队了解后本矿无用途。",{"v":38.792,"d":"38.79"},{"v":38.792,"d":"38.79"}]
[186,"尼龙棒","φ38×1000mm",null,null,"根",null,6,"1号库3号货架，经和区队了解后本矿无用途。",{"v":38.792,"d":"38.79"},{"v":232.752,"d":"232.75"}]
[187,"尼龙棒","φ52×1000mm",null,null,"根",null,8,"1号库3号货架，经和区队了解后本矿无用途。",{"v":45,"d":"45.00"},{"v":360,"d":"360.00"}]
[188,"尼龙棒","φ42×1000mm",null,null,"根",null,1,"1号库3号货架，经和区队了解后本矿无用途。",{"v":45,"d":"45.00"},{"v":45,"d":"45.00"}]
[189,"对丝","M30×1000mm",null,null,"根","原205刮板机",1,"1号库2号货架，205刮板机已改为电滚筒",{"v":90,"d":"90.00"},{"v":90,"d":"90.00"}]
[190,"丝杠","M35×500mm",null,null,"根","原601/602刮板机",4,"1号库2号货架，601/602刮板机已改为电滚筒",{"v":45,"d":"45.00"},{"v":180,"d":"180.00"}]
[191,"起重环","M25",null,null,"个",null,11,"1号库2号货架，本矿无使用地点",{"v":26,"d":"26.00"},{"v":286,"d":"286.00"}]
[192,"U型起重环","WLL8½T 8.5T",null,null,"个",null,9,"1号库2号货架，本矿无使用地点",{"v":36,"d":"36.00"},{"v":324,"d":"324.00"}]
[193,"U型起重环","WLL6½T 6.5T",null,null,"个",null,3,"1号库2号货架，本矿无使用地点",{"v":36,"d":"36.00"},{"v":108,"d":"108.00"}]
[194,"U型起重环","WLL9½T 9.5T",null,null,"个",null,3,"1号库2号货架，本矿无使用地点",{"v":36,"d":"36.00"},{"v":108,"d":"108.00"}]
[195,"D型卸扣","M11",null,null,"个",null,5,"1号库2号货架，本矿无使用地点",{"v":7,"d":"7.00"},{"v":35,"d":"35.00"}]
[196,"D型卸扣","M18",null,null,"个",null,2,"1号库2号货架，本矿无使用地点",{"v":7,"d":"7.00"},{"v":14,"d":"14.00"}]
[197,"起重钩","WLL5T0N",null,null,"个",null,8,"1号库2号货架，本矿无使用地点",{"v":19.2,"d":"19.20"},{"v":153.6,"d":"153.60"}]
[198,"起重滑车","5T",null,null,"个",null,1,"1号库2号货架，旧，本矿无使用地点",575.22,575.22]
[199,"起重滑车","2T",null,null,"个",null,1,"1号库2号货架，旧，本矿无使用地点",{"v":95,"d":"95.00"},{"v":95,"d":"95.00"}]
[200,"风镐纤","25×300mm",null,null,"个",null,7,"1号库2号货架，公司方面无用途。",{"v":85,"d":"85.00"},{"v":595,"d":"595.00"}]
[201,"风镐纤","25×280mm",null,null,"个",null,9,"1号库2号货架，公司方面无用途。",{"v":85,"d":"85.00"},{"v":765,"d":"765.00"}]
[202,"风镐纤","25×360mm",null,null,"个",null,32,"1号库2号货架，公司方面无用途。",{"v":85,"d":"85.00"},{"v":2720,"d":"2,720.00"}]
[203,"扁铲","15×340mm",null,null,"个",null,17,"1号库2号货架，公司方面无用途。",{"v":12,"d":"12.00"},{"v":204,"d":"204.00"}]
[204,"扁铲","20×240mm",null,null,"个",null,1,"1号库2号货架，公司方面无用途。",{"v":12,"d":"12.00"},{"v":12,"d":"12.00"}]
[205,"搅拌器",{"$nulls":3},"个","锚杆钻机使用",6,"1号库2号货架，公司方面无用途。",{"v":31.858,"d":"31.86"},{"v":191.148,"d":"191.15"}]
[206,"D型卸扣",{"$nulls":3},"个",null,16,"1号库2号货架，公司方面无用途。",{"v":7,"d":"7.00"},{"v":112,"d":"112.00"}]
[207,"垫铁","平",null,null,"块",null,8,"1号库2号货架，公司方面无用途。",23.62,188.96]
[208,"垫铁","斜",null,null,"块",null,4,"1号库2号货架，公司方面无用途。",23.62,94.48]
[209,"石材切割机","1250W",null,null,"台",null,4,"1号库2号货架，公司方面无用途。",{"v":160,"d":"160.00"},{"v":640,"d":"640.00"}]
[210,"矿用光缆连接器","FJHG-6-V2",null,null,"个",null,8,"1号库6号货架，共计14个，因钢质材料重量大，使用单位人员说基本不使用，建议留下6个，其余拍卖，",{"v":126,"d":"126.00"},{"v":1008,"d":"1,008.00"}]
[211,"矿用顶板位移传感器","GDW300",null,null,"套",null,20,"1号库7号货架，因更换厂家淘汰",{"v":2477.876,"d":"2,477.88"},{"v":49557.52,"d":"49,557.52"}]
[212,"矿用顶板位移传感器（机械部分）",{"$nulls":3},"个",null,66,"1号库7号货架，因更换厂家淘汰",{"v":1024.778824,"d":"1,024.78"},{"v":67635.402384,"d":"67,635.40"}]
[213,"高精度全自动交流稳压器","TND-500VA(单相)",null,null,"个",null,1,"1号库10号货架，闲置拍卖",{"v":210,"d":"210.00"},{"v":210,"d":"210.00"}]
[214,"高精度全自动交流稳压器","TND-1500VA(单相)",null,null,"个",null,1,"1号库10号货架，闲置拍卖",{"v":260,"d":"260.00"},{"v":260,"d":"260.00"}]
[215,"物（液）位测量仪",{"$nulls":3},"个","原筒仓料位仪，现已更换厂家",3,"1号库10号货架，闲置拍卖",{"v":10619.46875,"d":"10,619.47"},{"v":31858.40625,"d":"31,858.41"}]
[216,"不间断电源主机","EX700  3.2A-2.8A  220V",null,null,"个",null,1,"1号库10号货架，闲置拍卖",{"v":2267.24,"d":"2,267.24"},{"v":2267.24,"d":"2,267.24"}]
[217,"控制变压器","BK150VA 输入380/660V 输出36V",null,null,"个",null,4,"1号库11号货架，淘汰，拍卖，乐清锦然",{"v":513.0475,"d":"513.05"},{"v":2052.19,"d":"2,052.19"}]
[218,"机械控制变压器","BK-200VA  输入100变220",null,null,"个",null,2,"1号库11号货架，本矿无用途，拍卖，无锡市新区迅达",{"v":666.665,"d":"666.67"},{"v":1333.33,"d":"1,333.33"}]
[219,"控制变压器","BKC-150VA  660/380变36",null,null,"个",null,3,"1号库11号货架，淘汰，拍卖，无林沪通",{"v":513.0475,"d":"513.05"},{"v":1539.1425,"d":"1,539.14"}]
[220,"连接电缆","1140V  800A 150mm2 孔径φ25mm 58cm长",null,null,"根",null,2,null,{"v":15384.62,"d":"15,384.62"},{"v":30769.24,"d":"30,769.24"}]
[221,"主接触器","DBK1140V-100A",null,null,"个",null,1,"1号库11号货架，本矿无用途，拍卖，长治贝克，本矿1140组合开关配套的是400A",{"v":40707.96,"d":"40,707.96"},{"v":40707.96,"d":"40,707.96"}]
[222,"高分断能力高压熔断器","XRNT-10KV  125A",null,null,"个",null,14,"1号库11号货架，新长度不够，拍卖",{"v":690.265,"d":"690.27"},{"v":9663.71,"d":"9,663.71"}]
[223,"变压器","KLCQC801/30/60",null,null,"个",null,2,"1号库11号货架，浙江剑飞产品，本矿无该家开关，拍卖",{"v":560.345,"d":"560.35"},{"v":1120.69,"d":"1,120.69"}]
[224,"不间断电源箱","KDW660/21B",null,null,"台",null,3,"1号库13号货架，本矿淘汰，顶板离层仪旧系统配套。",{"v":8407.08,"d":"8,407.08"},{"v":25221.24,"d":"25,221.24"}]
[225,"矿用隔爆本安型断电器","KDG1140",null,null,"台",null,2,"1号库14号货架，本矿淘汰。",{"v":2735.045,"d":"2,735.05"},{"v":5470.09,"d":"5,470.09"}]
[226,"广播控制主机KZD-20G",{"$nulls":3},"套",null,1,"1号库14号货架，本矿淘汰，已更换系统。",{"v":3000,"d":"3,000.00"},{"v":3000,"d":"3,000.00"}]
[227,"备用电池箱","KDW17.10",null,null,"台",null,2,"1号库14号货架，本矿淘汰，江苏省宜兴市三恒科技，2017年产品",{"v":5555.555,"d":"5,555.56"},{"v":11111.11,"d":"11,111.11"}]
[228,"隔爆兼本安环形网络通讯接口",{"$nulls":3},"台",null,3,"1号库14号货架，本矿淘汰，江苏三恒",{"v":42735.043333,"d":"42,735.04"},{"v":128205.129999,"d":"128,205.13"}]
[229,"矿用压力传感器","GPD10",null,null,"个",null,2,"1号库14号货架，本矿淘汰，江苏三恒",{"v":3539.8225,"d":"3,539.82"},{"v":7079.645,"d":"7,079.65"}]
[230,"六棱钻杆","1m",null,null,"根",null,8,"1号库15号货架，本矿不使用",{"v":55,"d":"55.00"},{"v":440,"d":"440.00"}]
[231,"麻花钻杆","φ25×1800mm",null,null,"根",null,13,"1号库15号货架，本矿不使用",{"v":60,"d":"60.00"},{"v":780,"d":"780.00"}]
[232,"麻花钻杆","φ40×1700mm",null,null,"根",null,1,"1号库15号货架，本矿不使用",{"v":68,"d":"68.00"},{"v":68,"d":"68.00"}]
[233,"锥柄麻花钻头","M22",null,null,"个",null,4,"1号库15号货架，本矿不使用",{"v":80,"d":"80.00"},{"v":320,"d":"320.00"}]
[234,"锥柄麻花钻头","M20",null,null,"个",null,2,"1号库15号货架，本矿不使用",{"v":70,"d":"70.00"},{"v":140,"d":"140.00"}]
[235,"锥柄麻花钻头","M18",null,null,"个",null,3,"1号库15号货架，本矿不使用",{"v":60,"d":"60.00"},{"v":180,"d":"180.00"}]
[236,"锥柄麻花钻头","φ12×280mm",null,null,"根",null,10,"1号库15号货架，本矿不使用",{"v":50,"d":"50.00"},{"v":500,"d":"500.00"}]
[237,"锥柄麻花钻头","φ16×400mm",null,null,"根",null,7,"1号库15号货架，本矿不使用",{"v":70,"d":"70.00"},{"v":490,"d":"490.00"}]
[238,"锥柄麻花钻头","φ14×400mm",null,null,"根",null,9,"1号库15号货架，本矿不使用",{"v":25,"d":"25.00"},{"v":225,"d":"225.00"}]
[239,"锥柄麻花钻头","φ18×400mm",null,null,"根",null,14,"1号库15号货架，本矿不使用",{"v":85,"d":"85.00"},{"v":1190,"d":"1,190.00"}]
[240,"圆柄麻花钻头","φ12.5",null,null,"根",null,10,"1号库15号货架，本矿不使用",{"v":50,"d":"50.00"},{"v":500,"d":"500.00"}]
[241,"锥柄麻花钻头","M42",null,null,"个",null,26,"1号库15号货架，本矿不使用",{"v":120,"d":"120.00"},{"v":3120,"d":"3,120.00"}]
[242,"锥柄麻花钻头","φ24",null,null,"根",null,2,"1号库15号货架，本矿不使用",{"v":96,"d":"96.00"},{"v":192,"d":"192.00"}]
[243,"锥柄麻花钻头","φ16",null,null,"根",null,1,"1号库15号货架，本矿不使用",{"v":70,"d":"70.00"},{"v":70,"d":"70.00"}]
[244,"锚杆搅拌器","M16",null,null,"个",null,2,"1号库15号货架，本矿不使用",{"v":31.858,"d":"31.86"},{"v":63.716,"d":"63.72"}]
[245,"六角钻杆",{"$nulls":3},"根",null,1,"1号库15号货架，本矿不使用",{"v":55,"d":"55.00"},{"v":55,"d":"55.00"}]
[246,"交流真空接触器","CKJ-5-125/1140",null,null,"个",null,1,"1号库15号货架，本矿不使用，乐清长征",{"v":1358.975,"d":"1,358.98"},{"v":1358.975,"d":"1,358.98"}]
[247,"自动配液装置","RZP125/6.3型",null,null,"套",null,1,"供应科厂区，智能化改造淘汰下来，无锡威顺",{"v":6000,"d":"6,000.00"},{"v":6000,"d":"6,000.00"}]
[248,"圆链环","φ26×140 一节9环",null,null,"节",null,643,"供应科厂区，原601和602刮板机使用，现已改为电滚筒",{"v":240.147857,"d":"240.15"},{"v":154415.072051,"d":"154,415.07"}]
[249,"皮带扣",{"$nulls":3},"盒","顺槽胶带机",4,"皮带栈桥下库房，新，现在本单位不使用",{"v":1219.142857,"d":"1,219.14"},{"v":4876.571428,"d":"4,876.57"}]
[250,"防爆电机（南北大巷胶带机非变频电机）","YB3-356L1-4，280KW","18E0202AN000-1",null,"台",null,1,"南北大巷胶带机改，变频驱动替换下来。电压等级660/1140V。材料棚存放。南阳防爆。",{"v":75221.24,"d":"75,221.24"},{"v":75221.24,"d":"75,221.24"}]
[251,"防爆电机","DSB/75","0234",null,"台",null,1,"掘进皮带电机，维修过，2011年出厂，力德交回。设备库。",{"v":20000,"d":"20,000.00"},{"v":20000,"d":"20,000.00"}]
[252,"防爆电机","55KW",null,null,"台","掘进皮带电机",1,"维修过。设备库。",{"v":23000,"d":"23,000.00"},{"v":23000,"d":"23,000.00"}]
[253,"防爆电机","40KW",null,null,"台","40T刮板机",1,"维修过。设备库。",{"v":12000,"d":"12,000.00"},{"v":12000,"d":"12,000.00"}]
[254,"防爆电机","YB3-225S-4","13I0780AN000-1",null,"台","原筛分车间204刮板机",1,"改造替换下来，现为电滚筒。37KW。设备库。报废。",{"v":8000,"d":"8,000.00"},{"v":8000,"d":"8,000.00"}]
[255,"防爆电机","YB3-160L-4","13F0188CN000-1",null,"台","原筛分车间206刮板机",1,"南阳防爆，现已改造为电滚筒。15KW，电压等级380/660V。设备库。",{"v":4000,"d":"4,000.00"},{"v":4000,"d":"4,000.00"}]
[256,"防爆电机","YB3-160L-4","20C0577FN000-1",null,"台","原筛分车间206刮板机",1,"南阳防爆，现已改造为电滚筒。15KW，电压等级380/660V。设备库。新",{"v":4000,"d":"4,000.00"},{"v":4000,"d":"4,000.00"}]
[257,"三相异步电动机","YE2-180M-2","27703",null,"台","301栈桥加压泵电机",1,"设备库，2020年10月产品，非防爆，现在已换成防爆电机",{"v":2267.24,"d":"2,267.24"},{"v":2267.24,"d":"2,267.24"}]
[258,"输送机电机","DSB-55-4",null,null,"台",null,1,"山东山防生产，55KW，电压等级660/1140V，掘进机胶带机使用。水泵库。",{"v":33591.6666666667,"d":"33,591.67"},{"v":33591.6666666667,"d":"33,591.67"}]
[259,"局部通风机","7.1-2*37KW","151107",null,"台",null,1,"运城市安成生产，2015年生产",{"v":24778.76,"d":"24,778.76"},{"v":24778.76,"d":"24,778.76"}]
[260,"局部通风机","FBDN06.3-2*22KW",null,null,"台",null,1,"运城安瑞",{"v":13500,"d":"13,500.00"},{"v":13500,"d":"13,500.00"}]
[261,"局部通风机","2*22KW","J208011",null,"台",null,1,"运城安瑞，2013年生产，炸药库存放，本矿淘汰。",{"v":13500,"d":"13,500.00"},{"v":13500,"d":"13,500.00"}]
[262,"减速器",{"$nulls":3},"台","掘进胶带机配套使用",2,"力德交回，无铭牌，拍卖",{"v":80000,"d":"80,000.00"},{"v":160000,"d":"160,000.00"}]
[263,"减速器",{"$nulls":3},"台","掘进刮板机配套使用",1,null,{"v":66666.67,"d":"66,666.67"},{"v":66666.67,"d":"66,666.67"}]
[264,"减速器","DCY200","1",null,"台","原筛分车间矸石刮板机使用",1,"现改为电滚筒，无使用地点拍卖",{"v":13274.34,"d":"13,274.34"},{"v":13274.34,"d":"13,274.34"}]
[265,"减速器","DCY400",null,null,"台",null,1,"太重煤机，呼能乌兰哈达拆回来，看不清，无使用地点拍卖",{"v":44247.79,"d":"44,247.79"},{"v":44247.79,"d":"44,247.79"}]
[266,"减速器","DCY400",null,null,"台",null,1,"太重煤机，呼能乌兰哈达拆回来，无使用地点拍卖",{"v":44247.79,"d":"44,247.79"},{"v":44247.79,"d":"44,247.79"}]
[267,"减速器","DCY200","9",null,"台",null,1,"太重煤机，呼能乌兰哈达拆回来，无使用地点拍卖",{"v":13274.34,"d":"13,274.34"},{"v":13274.34,"d":"13,274.34"}]
["合计",{"$nulls":9},{"$f":"SUM(K3:K269)","v":{"v":3301134.49480626,"d":"3,301,134.49"}}]